Modern Indian poetry in English / (Record no. 329243)

000 -LEADER
fixed length control field 01032cam a2200265 a 4500
001 - CONTROL NUMBER
control field 12517845
003 - CONTROL NUMBER IDENTIFIER
control field ASAB
005 - DATE AND TIME OF LATEST TRANSACTION
control field 20170428122151.0
008 - FIXED-LENGTH DATA ELEMENTS--GENERAL INFORMATION
fixed length control field 010828s2001 ii b 001 0 eng
010 ## - LIBRARY OF CONGRESS CONTROL NUMBER
LC control number 2001276222
020 ## - INTERNATIONAL STANDARD BOOK NUMBER
International Standard Book Number 0195656164
040 ## - CATALOGING SOURCE
Transcribing agency ASAB
043 ## - GEOGRAPHIC AREA CODE
Geographic area code a-ii---
050 00 - LIBRARY OF CONGRESS CALL NUMBER
Classification number PR9490.5
Item number .K5 2001
082 00 - DEWEY DECIMAL CLASSIFICATION NUMBER
Classification number 821.91
Edition number 21
100 1# - MAIN ENTRY--PERSONAL NAME
Personal name King, Bruce,
Dates associated with a name 1933-
245 10 - TITLE STATEMENT
Title Modern Indian poetry in English /
Statement of responsibility, etc. Bruce King.
250 ## - EDITION STATEMENT
Edition statement Rev. ed.
260 ## - PUBLICATION, DISTRIBUTION, ETC.
Place of publication, distribution, etc. Delhi ;
-- New York :
Name of publisher, distributor, etc. Oxford University Press,
Date of publication, distribution, etc. 2001.
300 ## - PHYSICAL DESCRIPTION
Extent x, 416 p. ;
Dimensions 23 cm.
504 ## - BIBLIOGRAPHY, ETC. NOTE
Bibliography, etc. note Includes bibliographical references (p. 355-387) and index.
650 #0 - SUBJECT ADDED ENTRY--TOPICAL TERM
Topical term or geographic name entry element Indic poetry (English)
Chronological subdivision 20th century
General subdivision History and criticism.
856 42 - ELECTRONIC LOCATION AND ACCESS
Materials specified Publisher description
Uniform Resource Identifier <a href="http://www.loc.gov/catdir/enhancements/fy0611/2001276222-d.html">http://www.loc.gov/catdir/enhancements/fy0611/2001276222-d.html</a>
906 ## - LOCAL DATA ELEMENT F, LDF (RLIN)
a 7
b cbc
c origcop
d 2
e ncip
f 20
g y-gencatlg
942 ## - ADDED ENTRY ELEMENTS (KOHA)
Source of classification or shelving scheme
Koha item type Book
Holdings
Withdrawn status Lost status Source of classification or shelving scheme Damaged status Not for loan Collection code Permanent Location Current Location Date acquired Total Checkouts Full call number Barcode Date last seen Price effective from Koha item type
            Atta-ur-Rahman School of Applied Biosciences (ASAB) Atta-ur-Rahman School of Applied Biosciences (ASAB) 04/28/2017   821.91 KIN ASAB288 04/28/2017 04/28/2017 Book
            Atta-ur-Rahman School of Applied Biosciences (ASAB) Atta-ur-Rahman School of Applied Biosciences (ASAB) 04/28/2017   821.91 KIN ASAB289 04/28/2017 04/28/2017 Book
© 2023 Central Library, National University of Sciences and Technology. All Rights Reserved.